| Tag |
First Indicator |
Second Indicator |
Subfields |
| LEADER |
00000cam a2200000 4500 |
| 001 |
in00000095331 |
| 005 |
20150927150053.0 |
| 008 |
750708s1967 eng u |
| 010 |
|
|
|a 67079997
|
| 035 |
|
|
|a (OCoLC)01435973
|
| 035 |
|
|
|9 AAL7214AM
|
| 040 |
|
|
|c IYU
|d TXA
|d UtOrBLW
|
| 049 |
|
|
|a TXAM
|c [954469]
|
| 050 |
0 |
0 |
|a TN799.P74
|b I5 1965
|
| 082 |
0 |
|
|a 669.2/9/34
|
| 111 |
2 |
|
|a International Conference on Plutonium
|n (3rd :
|d 1965 :
|c London, England)
|n (3d :
|d 1965 :
|c London)
|
| 245 |
1 |
0 |
|a Plutonium 1965 ;
|b proceedings of the third International Conference on Plutonium, London, 1965 /
|c edited by A. E. Kay and M. B. Waldron.
|
| 264 |
|
1 |
|a London :
|b [Published] for the Institute of Metals [by] Chapman & Hall,
|c 1967.
|
| 300 |
|
|
|a iii-xv, 1114 pages :
|b illustrations, tables, diagrams ;
|c 24 cm.
|
| 336 |
|
|
|a text
|b txt
|2 rdacontent
|
| 337 |
|
|
|a unmediated
|b n
|2 rdamedia
|
| 338 |
|
|
|a volume
|b nc
|2 rdacarrier
|
| 490 |
1 |
|
|a Institute of Metals. Monograph and report series,
|v 31]
|
| 500 |
|
|
|a "Organised by the Institute of Metals."
|
| 504 |
|
|
|a Includes bibliographies.
|
| 650 |
|
0 |
|a Plutonium
|x Metallurgy
|x Congresses.
|
| 700 |
1 |
|
|a Kay, A. E.
|
| 700 |
1 |
|
|a Waldron, H. B.
|
| 710 |
2 |
|
|a Institute of Metals.
|
| 830 |
|
0 |
|a Monograph and report series ;
|v no. 31.
|
| 999 |
|
|
|a MARS
|
| 999 |
f |
f |
|s 8112f563-7abd-3e4c-aefe-6cffd85253ce
|i ba4bb91a-97b9-3653-a4a1-66394ff05e0e
|t 0
|
| 952 |
f |
f |
|p normal
|a Texas A&M University
|b College Station
|c Sterling C. Evans Library
|d Evans: Library Stacks
|t 0
|e TN799.P74 I5 1965
|h Library of Congress classification
|i unmediated -- volume
|m A14805583416
|
| 998 |
f |
f |
|a TN799.P74 I5 1965
|t 0
|l Evans: Library Stacks
|